00521 a2200157 4500003000500000038000700005040000600012082001200018100002500030245007300055260008200128300003300210500003900243600002400282856005700306NUST a00 a0 aPGDIT-3 aMuzammil Ahmed Khan. aMaster cloth shop inventory management system cMuzammil Ahmed Khan. aIslamabad :bNUST School of Electrical Engineering & Computer Science,c2001. avii, 66 p. :bill. ;c27 cm. aSupervisor : Dr. Abaidullah Anwar. aMuzammil Ahmed Khan uhttp://10.250.8.41:8080/xmlui/handle/123456789/31843